00250 a2200109 4500001000700000020000600007040001100013100002000024240004600044245004100090362000900131170316 a  cMagnum aColegio Retamar10aRetamatch: la biblioteca del colegiolESP10aRetamatch: la biblioteca del colegio0 a1899